00553 2200181 4500245011300000020002200113250001200135100001900147700001300166650002700179650005500206005001900261260003500280041001400315084001000329300002300339336000900362 aTips Trik Komunikasi & Bahasa Tubuh Untuk Memikat Pelanggan Agar Loyal Seumur HidupcCopy dari PenulishText a978-602-7934-61-0 aCat = 1 aDeni Damayanti aAdhon MK aTips & trik Komunikasi aBahasa tubuh untuk memikat pelanggan agar loyal se a20250317083854 aYogyakartabMantra Booksc2013 aIndonesia a302.5 a172 hlm :c20,5 cm atext